000
00306nam a22001337a 4500
008
180904b xxu||||| |||| 00| 0 eng d
020
_a
040995053
041
_a
eng
080
_a
617
100
_a
6
101
_a
ANE
245
_a
An Integrated Approach to Monitoring
_c
Gravestein, J.S
942
_2
udc
_c
BK
999
_c
47501
_d
47501